000 00511nam a2200181Ia 4500
999 _c27992
_d27992
003 OSt
005 20201221100003.0
008 190216s9999||||xx |||||||||||||| ||und||
020 _a9788126400669
040 _coclc
082 _a894.8121
_bCHA/O
100 _aChacko, Chemmanam
_97459
245 0 _aOnnu Onnu Randayiram /
_cChemmanam Chacko
260 _bD C Books,
_c2000.
_aKottayam:
300 _a176p
650 _aKavithkal
942 _cBK
_2ddc
_h894.8121
_iCHA/O
_k894.8121
_mCHA/O